000 00311nam a22001337a 4500
008 181008b xxu||||| |||| 00| 0 eng d
020 _a9781416052906
041 _aeng
080 _26th
_a615
100 _a5
101 _aFAR
245 _aPharmacology a Nursing Process Approach
_cKee,J.L
942 _2udc
_cBK
999 _c49034
_d49034